• 首页
  • 本馆介绍
  • 公告通知
  • 最新文献
  • 馆藏检索
  • 电子资源
  • 读者导购
  • 参考咨询
  • 我的图书馆
  • 登录
  • 详细信息显示
  • 放入我的书架
  • 预约/预借图书
  • 作者相关作品
  • 分类相关作品
  • 丛书相关作品
  • 出版社相关作品

书目信息

  • 表格格式
  • 工作单格式
  • 卡片格式
题名:
女性伦理与礼仪文化
    
 
作者: 易银珍 , 蒋璟萍 著
分册:  
出版信息: 北京   中国社会科学出版社  2006
页数: 321页
开本: 21cm
丛书名: 女性文学与文化研究丛书
单 册:
中图分类: B82 , K891.26 , B82
科图分类:
主题词: 女性--伦理学--研究 , 女性--礼仪--研究 , 伦理学 , 礼仪 , 女性 , 伦理学
电子资源:
ISBN: 7-5004-5769-3
000 01202oam2 2200361 450
001 0931185375
005 20090929084238.59
010    @a7-5004-5769-3@dCNY24.00
100    @a20060529d2006 em y0chiy50 ea
101 0  @achi@eeng
102    @aCN@b110000
105    @ay z 000yy
106    @ar
200 1  @a女性伦理与礼仪文化@f易银珍,蒋璟萍等著@Anv xing lun li yu li yi wen hua
210    @a北京@c中国社会科学出版社@d2006
215    @a321页@d21cm
225 2  @a女性文学与文化研究丛书
300    @a中国-欧盟小项目便捷基金项目资助 湖南省教育厅2005年度科学研究项目
330    @a本书将女性论理与礼仪文化结合起来,重点论述了女性伦理研究的发展历程、女性伦理与礼仪文化的交融、女性礼仪的道德结构、公共伦理与女性礼仪等内容。
461  0 @1001002898160
606 0  @a女性@x伦理学@x研究
606 0  @a女性@x礼仪@x研究
606 0  @a伦理学
606 0  @a礼仪
606 0  @a女性
606 0  @a伦理学
690    @aB82@v4
690    @aK891.26@v4
690    @aB82@v4
701  0 @a易银珍@c(女,@f1956~)@4著@Ayi yin zhen
701  0 @a蒋璟萍@c(女,@f1964~)@4著@Ajiang jing ping
801  0 @aCN@b大连网信软件有限公司图书馆·11@c20090929
905    @a10447@dB82@eJY174
    
    女性伦理与礼仪文化/易银珍,蒋璟萍等著.-北京:中国社会科学出版社,2006
    321页;21cm .-(女性文学与文化研究丛书 )
    中国-欧盟小项目便捷基金项目资助 湖南省教育厅2005年度科学研究项目
    
    ISBN 7-5004-5769-3:CNY24.00
    本书将女性论理与礼仪文化结合起来,重点论述了女性伦理研究的发展历程、女性伦理与礼仪文化的交融、女性礼仪的道德结构、公共伦理与女性礼仪等内容。
●
相关链接 在E读中查询图书 在五车中查询图书 在当当中查询图书 在豆瓣中查询图书


正题名:女性伦理与礼仪文化     索取号:B82/JY174         预约/预借

序号 登录号 条形码 馆藏地/架位号 状态 备注
1 7820026   278200260   学院路分馆/ [索取号:B82/JY174] 在馆    
2 7820027   278200279   学院路分馆/ [索取号:B82/JY174] 在馆    
3 7820028   278200288   学院路分馆/ [索取号:B82/JY174] 在馆    
4 7820218   278202188   学院路分馆/ [索取号:B82/JY174] 在馆    
唐山师范学院图书馆 欢迎您!
大连网信软件有限公司© 版权所有